[Event "Szczawno Festival IM 2018"]
[Site "Szczawno"]
[Date "2018.12.21"]
[Round "9"]
[White "Sliwicka, Alicja"]
[Black "Chylewski, Patryk"]
[Result "1/2-1/2"]
[WhiteElo "2236"]
[BlackElo "2268"]
[Annotator "TA"]
[PlyCount "155"]
[EventDate "2018.12.14"]
[EventType "tourn"]
[EventCountry "POL"]
[SourceTitle "playchess.com"]
[Source "ChessBase"]
[SourceQuality "1"]

{[%evp 14,155,-20,-39,43,36,37,23,47,0,0,0,0,0,-1,0,0,-43,-34,-42,-31,-77,-76,-102,-102,-91,-93,-93,-93,-100,-94,-99,-102,-123,-111,-120,-76,-81,-86,-110,-110,-103,-97,-196,-156,-176,-174,-184,-175,-177,-178,-230,-162,-203,-130,-183,-132,-128,-122,-159,-134,-133,0,-159,-164,-157,-168,-139,-142,-153,-105,-118,-85,-116,-88,-90,-68,-75,-73,-118,-73,-99,-98,-97,-97,-132,-131,-154,-145,-152,-142,-120,-142,-132,-131,-154,0,0,0,0,0,0,0,0,0,0,0,0,0,0,0,0,0,-45,-46,-46,-46,-46,-46,-47,-46,-55,-54,-95,-87,-93,-93,-148,-137,-159,-120,-108,0,0,0,0,0,0,0,0,0,0,0,-4641]} 1. e4 c6 2. d4 d5 3. e5 c5 4. dxc5 e6 5. Be3 Nd7 6. Nf3 {B12: Caro-Kann: Advance Variation} (6. f4 Bxc5 7. Bxc5 Nxc5 8. Nc3 Ne7 9. Qd4 b6 10. O-O-O O-O 11. Nf3 Bd7 12. Bd3 Rc8 13. Kb1 Qc7 {1-0 (43) Durarbayli,V (2618)-Indjic,A (2600) Saint Louis 2018}) 6... Ne7 7. Bb5 Nf5 8. Bd4 {LiveBook: 5 Games} Qc7 (8... Qa5+ $15 9. Nc3 a6) 9. c3 $14 Bxc5 10. Bxc5 Qxc5 11. Bxd7+ $146 (11. Qe2 {is more complex.} Ne7 12. O-O Ng6 13. g3 O-O 14. Bd3) ({Predecessor:} 11. Qe2 Ne7 12. O-O O-O 13. Bd3 h6 {1-0 (67) Dubiel,J (2416)-De Visser,L (2164) Germany 2011}) 11... Bxd7 12. O-O O-O 13. Nbd2 Qb6 14. Nb3 Ba4 (14... Bb5 $5) 15. Nfd4 (15. g4 {looks sharper.} Ne7 16. Qd4 Qb5 17. Qe3 Rfc8 18. Nfd4) 15... Bxb3 16. Nxb3 Rfc8 17. Qe2 a5 $36 {[%cal Ba7a5,Ba5a4][%mdl 2080] White is under strong pressure.} 18. Rfd1 a4 $1 {[%cal Ra4b3]} 19. Nd4 Nxd4 20. Rxd4 a3 21. Rb4 Qc7 22. Rc1 axb2 23. Qxb2 Qxe5 24. Rxb7 Ra4 25. Rb4 Ra6 26. Rb6 Rxb6 27. Qxb6 $17 {[%mdl 4096] Endgame KQR-KQR} h6 28. Qb4 (28. Qb3 $17) 28... Rc4 29. Qa5 Qb8 30. Rf1 Qc8 31. a4 Rxc3 32. Qa7 (32. Qb4 $142) 32... Qc4 {Threatens to win with ...Rc1.} 33. g3 Qc7 34. Qa8+ (34. Qxc7 $17 Rxc7 35. Ra1) 34... Qc8 (34... Kh7 $19 35. Ra1 Qe5) 35. Qa7 Rc7 36. Qd4 Rc4 37. Qa7 Rc7 38. Qd4 $1 Qa8 39. Ra1 Rc4 40. Qd1 Qa5 41. Qb3 Rc8 42. h4 Ra8 43. Kg2 Qc5 44. Qb7 Ra5 45. Qb8+ Kh7 46. Qf4 Ra7 47. Rd1 Qc7 {And now ...Qxf4 would win.} 48. Qd4 Ra5 49. Rb1 Qa7 50. Qd3+ g6 51. h5 Rxa4 52. hxg6+ fxg6 53. Qf3 Qe7 54. Rb6 Ra7 $2 (54... Ra8 $1 $17 55. Qe2 Re8) 55. Qg4 $1 $11 Qf7 (55... h5 {with more complications.} 56. Qxe6 Qxe6 57. Rxe6 Rd7 58. Kf3 g5) 56. Qxe6 Qxe6 57. Rxe6 {KR-KR} Rd7 58. Kf3 Kg7 59. Ke3 Kf7 60. Ra6 h5 61. Kd4 Rb7 62. Ke5 Re7+ 63. Kf4 Re4+ 64. Kf3 Re6 65. Ra5 Rd6 66. Ke3 Ke6 67. Kd4 Rb6 68. Ra4 Rb2 69. Ra6+ Kf5 70. Ra8 {[#]} (70. Ra7 $142) 70... Kg4 $1 $17 71. Rf8 g5 72. Kxd5 {[#]} Re2 ({Better is} 72... Kh3 $1 $17 {aiming for ...Kg2.} 73. Ke4 Kg2) 73. f4 $11 {The position is equal.} Ra2 74. Rg8 Kxg3 75. fxg5 h4 76. g6 h3 (76... Ra6 $5 {[%cal Rh4h3]} 77. g7 Rg6 $11) 77. Rh8 Ra5+ 78. Ke4 $2 {[%mdl 40960] Precision: White = 53%, Black = 67%. . An unexpected result.} (78. Ke6 $11) 1/2-1/2

[Event "Szczawno Festival IM 2018"]
[Site "Szczawno"]
[Date "2018.12.21"]
[Round "9"]
[White "Krzywda, Andrzej"]
[Black "Sergeev, Vladimir"]
[Result "0-1"]
[WhiteElo "2178"]
[BlackElo "2402"]
[Annotator "TA"]
[PlyCount "180"]
[EventDate "2018.12.14"]
[EventType "tourn"]
[EventCountry "POL"]
[SourceTitle "playchess.com"]
[Source "ChessBase"]
[SourceQuality "1"]

{[%evp 25,180,45,40,45,81,-16,0,0,0,0,0,0,0,0,0,-8,0,-29,-24,-82,-72,-108,-10,-13,-12,-144,-99,-100,0,0,0,0,0,0,0,0,0,-130,-119,-111,-47,-47,-47,-47,-40,-73,-73,-73,-73,-73,-73,-73,-73,-73,-73,-73,-73,-73,-73,-73,-73,-73,-73,-73,-73,-73,-73,-73,-73,-73,-73,-73,-73,-73,-73,-73,-35,-73,-73,-73,-73,-73,-60,-195,-188,-196,-195,-195,-188,-188,-188,-188,-188,-185,-180,-885,-804,-607,-543,-29957,-29959,-29952,-29951,-29965,-180,-180,-180,-180,-180,-180,-180,-180,-180,-180,-180,-180,-180,-180,-180,-180,-180,-180,-180,-180,-178,-178,-178,-178,-178,-185,-178,-185,-178,-178,-164,-164,-164,-164,-135,-135,-145,-29978,-29978,-29985,-29986,-29988,-29987,-29988,-29988,-29988,-29989,-29989,-29988,-29988,-29985,-29985,-29986]} 1. d4 Nf6 2. c4 c6 3. Nc3 d5 4. cxd5 cxd5 5. Bf4 Nc6 6. e3 e6 7. Bd3 a6 8. Rc1 Be7 9. h3 O-O 10. Nf3 Bd7 11. O-O Qa5 {D13: Slav Defence: Exchange variation without ...Bf5} (11... Rc8 12. Ne5 Be8 13. Bg5 h6 14. Bh4 Nd7 15. Nxc6 Rxc6 16. Bxe7 Qxe7 17. Na4 Nf6 18. Qb3 Rxc1 19. Rxc1 Bxa4 20. Qxa4 Qd6 {½-½ (20) Artemiev,V (2663)-Vitiugov,N (2721) Sochi 2016}) 12. Ne5 Rfc8 13. Bg5 Be8 {LiveBook: 3 Games. White is slightly better.} 14. f4 Qd8 15. Na4 $146 ({Much weaker is} 15. Bxf6 $6 Bxf6 16. a3 g6 $11) (15. f5 $16) ({Predecessor:} 15. f5 Ne4 16. Bxe7 Qxe7 17. fxe6 fxe6 18. Nxe4 Nxe5 19. dxe5 dxe4 20. Bxe4 Rxc1 21. Qxc1 {0-1 (39) Szabolcsi,J (2382)-Kovacevic,B (2460) Aschach 2011}) 15... Nxe5 (15... Nb4 {looks sharper.} 16. Nc3 Nxd3 17. Nxd3 Bd7 18. Qf3 b5) 16. Rxc8 Rxc8 17. dxe5 Bxa4 18. Qxa4 Nd7 {[%cal Bf6d7,Bd7b8,Bb8c6][%mdl 32]} 19. Bxe7 Qxe7 20. Qd4 Nb8 21. f5 exf5 22. Rxf5 (22. Bxf5 $11 Rd8 23. Qg4) 22... Rd8 $1 $17 23. Qf4 Nc6 (23... Nd7 $1 $17 24. Bc2 g6) 24. Rh5 $1 $11 h6 $1 25. Bc2 (25. Rxh6 $1 $11 Qxe5 26. Rh4) 25... Re8 {[%cal Rc6e5]} 26. Bb3 g6 (26... Nxe5 $17 {White must now prevent ...g6.} 27. Bxd5 Nd7) 27. Rxh6 {Threatens to win with e6.} Qxe5 28. Bxd5 {[%csl Gd5][%cal Rf4f7]} Kg7 (28... Qxd5 $2 29. Qf6 $18) 29. Bxc6 $1 Qxf4 30. exf4 {[%mdl 4096] Endgame KRB-KR} Re1+ (30... bxc6 $5 31. Rh4 $8 Re1+ 32. Kh2 f5 $11) 31. Kh2 (31. Kf2 $11 Rb1 32. Rh4 Rxb2+ 33. Kf3 bxc6 34. f5) 31... Kxh6 $17 32. Bxb7 {KR-KB} Re6 (32... a5 $1 $17 33. Bf3 Ra1) 33. Bd5 $15 Rf6 {[%mdl 1024] Black has compensation.} 34. Kg3 Kg7 35. b4 Rb6 36. Bc4 Kf6 37. Kf3 Rxb4 38. Bxa6 Ra4 39. Bb7 Ra3+ 40. Kg4 Rxa2 41. h4 Rb2 42. Bc6 Rb3 43. Bf3 Rc3 44. Bb7 Rc4 (44... Ke6 {feels hotter.} 45. g3 Ra3 46. Bc6 Ra1 47. Bb5 Rc1) 45. Bf3 Rd4 46. Bc6 Kg7 47. Bf3 Kh6 48. Bc6 Rd3 {[%csl Gg6][%cal Rf7f5]} (48... f5+ {is interesting.} 49. Kg3 Kg7 50. Kf3 Rc4 51. Bb5 Rc3+) 49. Bf3 Rc3 50. Kg3 Kg7 51. Kg4 Rc5 52. Bb7 Kf6 (52... Kh6 {with more complications.} 53. g3 Rc3 54. Bd5 f5+ 55. Kh3 Kh5) 53. Bf3 Ke7 54. h5 (54. Kh3 $15) 54... Rxh5 $19 ({But not} 54... gxh5+ 55. Kh4 $17) 55. Bd1 Rc5 56. Bf3 Kd6 57. Bd1 f6 58. Bb3 Rc7 59. Bg8 Kc5 60. Bb3 $2 (60. g3) 60... Kd4 61. Ba4 Ke3 62. g3 Kf2 63. Be8 Rg7 64. Bb5 Rg8 $2 (64... Re7 {mates} 65. Bd3 Rg7 66. Ba6 Rc7 67. f5 g5 68. Bb5 Rc3 69. Kh5 Rc5 70. Bd3 Kxg3 71. Kg6 g4 72. Kxf6 Kf4 73. Bf1 Rxf5+ 74. Ke6 Rh5 75. Bg2 Rh6+ 76. Kd7 Ke5 77. Kc7 Rh2 78. Ba8 Rc2+ 79. Kd8 g3 80. Bh1 Kd6 81. Ke8 Rh2 82. Bf3 Re2+ $1 {[%mdl 576] Deflection, Promotion} 83. Bxe2 g2 84. Bb5 g1=Q 85. Kf7 Qb1 86. Bc4 Qf5+ 87. Kg7 Ke7 88. Bd3 Qxd3 89. Kh8 Kf6 90. Kg8 Qg6+ 91. Kh8 Qg7#) 65. Bc4 Rf8 66. Bd5 Ke3 67. Bb3 Rh8 {And now ...Rh5 would win.} 68. Bf7 {[#]} Rh6 $1 69. Be8 Kd4 70. Bf7 Kc5 71. Be8 Kd6 72. Bf7 Ke7 73. Bc4 Rh5 74. Bd3 f5+ 75. Kf3 Rh2 76. Bc4 Kf6 77. Bb5 Rc2 78. Be8 Rc3+ 79. Kf2 g5 80. fxg5+ Kxg5 81. Bb5 Kg4 82. Be2+ {[#]} Kh3 $1 {( -> ...Rc2)} 83. Bf3 $2 {[%mdl 8192]} (83. Bf1+ $17 Kh2 84. Bb5 Rxg3 85. Bd7) 83... Rc2+ {Black mates.} 84. Kf1 Kxg3 85. Bd5 f4 {[%cal Bf5f4,Bf4f3,Bf3f2][%mdl 32]} 86. Be4 Rb2 87. Ke1 f3 88. Bd3 Ra2 89. Bc4 Ra1+ 90. Kd2 f2 {Accuracy: White = 55%, Black = 63%.} 0-1